Loading...
| Fine Arts - Classical Music | 7 | 14.29 | 100% | 43% | 0% |
| Fine Arts - Other Fine Arts | 5 | 20.00 | 100% | 80% | 20% |
| Fine Arts - Visual Fine Arts | 5 | 26.00 | 100% | 100% | 60% |
| Geography/Current Events | 2 | 15.00 | 100% | 0% | 50% |
| History - American History | 7 | 18.57 | 86% | 86% | 14% |
| History - European History | 5 | 24.00 | 100% | 100% | 40% |
| History - Other History | 8 | 18.75 | 88% | 63% | 38% |
| History - World History | 5 | 20.00 | 100% | 100% | 0% |
| Literature - American Literature | 8 | 21.25 | 100% | 75% | 38% |
| Literature - British Literature | 6 | 23.33 | 100% | 83% | 50% |
| Literature - European Literature | 4 | 20.00 | 100% | 50% | 50% |
| Literature - World/Other Literature | 6 | 25.00 | 100% | 100% | 50% |
| Mythology | 6 | 23.33 | 100% | 100% | 33% |
| Other Academic | 2 | 20.00 | 100% | 100% | 0% |
| Philosophy | 7 | 20.00 | 71% | 100% | 29% |
| Pop Culture | 2 | 25.00 | 100% | 100% | 50% |
| Religion | 6 | 16.67 | 100% | 67% | 0% |
| Science - Biology | 4 | 10.00 | 100% | 0% | 0% |
| Science - Chemistry | 7 | 14.29 | 100% | 43% | 0% |
| Science - Other Science | 8 | 13.75 | 100% | 25% | 13% |
| Science - Physics | 5 | 14.00 | 100% | 20% | 20% |
| Social Science | 6 | 21.67 | 100% | 67% | 50% |